书目信息 |
| 题名: |
城市垃圾清运处理设施规划
|
|
| 作者: | 廖利 编著 | |
| 分册: | ||
| 出版信息: | 北京 科学出版社 1999.10 |
|
| 页数: | 261页 | |
| 开本: | 32开 | |
| 丛书名: | ||
| 单 册: | ||
| 中图分类: | X705 | |
| 科图分类: | ||
| 主题词: | 废物 , 废物处理 , 废物综合利用 | |
| 电子资源: | ||
| ISBN: | 7-03-008036-X | |
| 000 | 00615nam0 2200217 45 | |
| 001 | 0012041503 | |
| 005 | 20001204153330.1 | |
| 010 | @a7-03-008036-X@d19.80元 | |
| 100 | @a20001204d1999 km y0chiy0120 ea | |
| 101 | 0 | @achi |
| 105 | @a z 000yy | |
| 200 | 1 | @a城市垃圾清运处理设施规划@ACheng Shi La Ji Qing Yun Chu Li She Shi Gui Hua@f廖利编著@FLiao Li Bian Zhu |
| 210 | @a北京@c科学出版社@d1999.10 | |
| 215 | @a261页@d32开 | |
| 606 | 0 | @a废物 |
| 606 | 0 | @a废物处理 |
| 606 | 0 | @a废物综合利用 |
| 690 | @aX705@v3 | |
| 701 | 0 | @a廖利@4编著 |
| 801 | @aCN@bPftUser@c20001204 | |
| 905 | @b513054-057@dX705@eL.323@f4 | |
| 城市垃圾清运处理设施规划/廖利编著.-北京:科学出版社,1999.10 |
| 261页;32开 |
| ISBN 7-03-008036-X:19.80元 |
| ● |
| 相关链接 |
|
|
|
正题名:城市垃圾清运处理设施规划
索取号:X705/L.323
 
预约/预借
| 序号 | 登录号 | 条形码 | 馆藏地/架位号 | 状态 | 备注 |
| 1 | 513054 | 205130543 | 自科库501/501自科库 107排1列6层/ [索取号:X705/L.323] | 在馆 | |
| 2 | 513055 | 205130552 | 期刊室512/501自科库 107排2列1层/ [索取号:X705/L.323] | 在馆 | |
| 3 | 513056 | 205130561 | 自科库501/501自科库 107排1列6层/ [索取号:X705/L.323] | 在馆 | |
| 4 | 513057 | 205130570 | 期刊室512/501自科库 107排2列1层/ [索取号:X705/L.323] | 在馆 |